000 00931nam a2200241Ia 4500
003 OSt
005 20221005112206.0
006 a|||||r|||| 00| 0
007 ta
008 221004b |||||||| |||| 00| 0 pan d
020 _a9789381439044
_c250
024 _a117484
037 _b613, 22/02/2012, H.K. Prakashan
_cTextual
040 _aCRL
_cCRL
_bpan
041 _2pan
_apan
082 _aO153,6N44x, Q2
100 _aਸੂਰੀ, ਕੁਲਬੀਰ ਸਿੰਘ
245 0 _aਸੁਹਜ ਅਤੇ ਸਾਹਿਜ ਦਾ ਵਾਰਤਕਕਾਰ
_b ਬਰਜਿੰਦਰ ਸਿੰਘ ਹਮਦਰਦ
260 _aਅੰਮ੍ਰਿਤਸਰ
_bਨਾਨਕ ਸਿੰਘ ਪੁਸਤਕਮਾਲਾ ਭਾਰਤ
_c2012
300 _a192ਪੰ
_ccm.
942 _hO153,6N44x, Q2
_cTEXL
_2cc
999 _c1024138
_d1024138